Selections from three works
Gespeichert in:
| 1. Verfasser: | |
|---|---|
| Format: | Buch |
| Sprache: | Englisch |
| Veröffentlicht: |
Nueva York
Oceana Publications
1964
|
| Schriftenreihe: | The Classics of International Law
|
| Schlagworte: | |
| Tags: |
Tag hinzufügen
Keine Tags, Fügen Sie den ersten Tag hinzu!
|
MARC
| LEADER | 00000nam a2200000 a 4500 | ||
|---|---|---|---|
| 001 | UCR2400 | ||
| 003 | CL-VaPUC | ||
| 008 | 980112e19640000US |||||||||||||||||eng|d | ||
| 082 | 0 | 4 | |a 262.9 |b SUA |2 21 |
| 100 | |a Suárez, Francisco, |c S.I. |e author |9 255840 | ||
| 245 | 1 | 0 | |a Selections from three works |
| 300 | |a v | ||
| 942 | |c BK | ||
| 945 | |d 19980112 00:00:00 |a cmena | ||
| 260 | |a Nueva York |b Oceana Publications |c 1964 | ||
| 500 | |a Incluye: De legibus, ac deo legislatore, 1612. Defensio fidei catholicae, et apostolicae adversus anglicanae sectae errores, 1613. De triplici virtute theologica, fide, spe, et charitate, 1621 | ||
| 650 | 7 | |a DERECHO CANONICO |2 CL-VaPUC |9 400194 | |
| 650 | 0 | |a Derecho eclesiástico |9 255055 | |
| 650 | 0 | |a Derecho natural |9 255041 | |
| 650 | 0 | |a Justicia |9 255408 | |
| 650 | 0 | |a Obligaciones |9 255578 | |
| 650 | 0 | |a Humanismo |9 256530 | |
| 650 | 0 | |a Derechos humanos |9 223025 | |
| 650 | 0 | |a Teología |9 258766 | |
| 650 | 0 | |a Iglesia y Estado |9 254995 | |
| 583 | |a last modification |c 19980112 00:00:00 |k Rodrigo Vera | ||
| 490 | 0 | |a The Classics of International Law | |
| 999 | |c 265568 |d 265566 | ||
| 952 | |0 0 |1 0 |4 0 |6 262_900000000000000_SUA_1964 |7 0 |8 DER_HIS |9 296551 |a BIBDER |b BIBDER |d 2019-11-20 |h v.2 |i 192382K |o 262.9 SUA 1964 |p 192382K |r 2023-01-25 |w 2019-11-20 |x Ubicación 4to Piso |y BK_X |z Estos recursos deben solicitarse con anticipación |k DER | ||